[Event "Bundesliga 2021-22"]
[Site "Augsburg GER"]
[Date "2022.04.09"]
[Round "3.2"]
[Board "7"]
[White "Buckels, Valentin"]
[Black "Hoffmann, Paul"]
[Result "0-1"]
[WhiteTitle "IM"]
[BlackTitle "IM"]
[WhiteElo "2454"]
[BlackElo "2378"]
[WhiteTeam "SV Muelheim Nord"]
[BlackTeam "USV TU Dresden"]
[WhiteFideId "12942766"]
[BlackFideId "4664450"]
[EventDate "2022.03.05"]

1. Nf3 Nf6 2. c4 e6 3. g3 d5 4. Bg2 Be7 5. d4 O-O 6. Nc3 c6 7. Qd3 Nbd7 8. O-O
dxc4 9. Qxc4 Qa5 10. Bf4 Nb6 11. Qb3 Qb4 12. Qc2 Nbd5 13. a3 Qc4 14. Bd2 Nxc3
15. Bxc3 Nd5 16. Ne5 Qb5 17. Be1 f6 18. Nd3 Qb6 19. Qc4 Rd8 20. e3 a5 21. Bd2
Qa6 22. Qc2 e5 23. e4 Nc7 24. Rfd1 exd4 25. Bf1 Qb6 26. Nf4 Kh8 27. Bc4 Bg4 28.
Re1 Bd6 29. h3 Bd7 30. Kg2 Bxf4 31. Bxf4 Ne6 32. Bd2 Qc5 33. Qb3 Nf8 34. Rac1 b5
35. Bd5 Qb6 36. Bf7 a4 37. Qb4 Be6 38. Bh5 Rac8 39. Be2 Qb7 40. Qc5 d3 41. Bf3
Nd7 42. Qd6 Bxh3+ 43. Kxh3 Ne5 0-1

[Event "Bundesliga 2021-22"]
[Site "Aachen GER"]
[Date "2022.04.09"]
[Round "3.3"]
[Board "1"]
[White "Vachier-Lagrave, Maxime"]
[Black "Seel, Christian"]
[Result "1-0"]
[WhiteTitle "GM"]
[BlackTitle "IM"]
[WhiteElo "2761"]
[BlackElo "2486"]
[WhiteTeam "OSG Baden-Baden"]
[BlackTeam "Aachener SV"]
[WhiteFideId "623539"]
[BlackFideId "4663098"]
[EventDate "2022.03.05"]

1. e4 e5 2. Nf3 d6 3. d4 exd4 4. Nxd4 Nf6 5. Nc3 Be7 6. Bf4 O-O 7. Qd2 Nc6 8.
O-O-O Nxd4 9. Qxd4 a6 10. e5 dxe5 11. Qxe5 Bd6 12. Qd4 Bxf4+ 13. Qxf4 Qe7 14.
Bc4 Be6 15. Rhe1 Rad8 16. Rxd8 Rxd8 17. Bxe6 fxe6 18. Ne4 e5 19. Qh4 Kh8 20. Nc3
b5 21. a3 c5 22. Rd1 Rxd1+ 23. Nxd1 Qe6 24. b3 Kg8 25. Ne3 Kf7 26. Qg3 c4 27.
bxc4 bxc4 28. Qf3 e4 29. Qf4 Qe7 30. Kb2 Qb7+ 31. Kc3 Qb1 32. Nxc4 Qa1+ 33. Kb3
Qb1+ 34. Nb2 Ke6 35. g4 h6 36. h4 Qe1 37. Qf5+ Ke7 38. Qe5+ Kf7 39. g5 hxg5 40.
hxg5 Nd7 41. g6+ Kf8 42. Qd4 Ke8 43. Nd1 Nf6 44. Nc3 Ke7 45. Qa7+ Ke6 46. Qxg7
Qxf2 47. Qf7+ Ke5 48. Qe7+ 1-0

[Event "Bundesliga 2021-22"]
[Site "Aachen GER"]
[Date "2022.04.09"]
[Round "3.3"]
[Board "2"]
[White "Nagy, Gabor1"]
[Black "Adams, Michael"]
[Result "1/2-1/2"]
[WhiteTitle "GM"]
[BlackTitle "GM"]
[WhiteElo "2507"]
[BlackElo "2698"]
[WhiteTeam "Aachener SV"]
[BlackTeam "OSG Baden-Baden"]
[WhiteFideId "737119"]
[BlackFideId "400041"]
[EventDate "2022.03.05"]

1. c4 e5 2. Nc3 Nf6 3. Nf3 Nc6 4. e3 Bb4 5. Qc2 Bxc3 6. Qxc3 Qe7 7. Be2 O-O 8.
d4 exd4 9. Nxd4 Ne4 10. Qb3 Nxd4 11. exd4 d5 12. cxd5 Nf6 13. Bf4 Rd8 14. d6
cxd6 15. Qe3 Be6 16. O-O Nd5 17. Qd2 Nxf4 18. Qxf4 h6 19. Bd3 Qg5 20. Qxg5 hxg5
21. f3 Rac8 22. Rfc1 f5 23. Kf2 Kf7 24. h3 Kf6 25. a3 Bd5 26. Ke3 g6 27. Kd2 b6
28. Ba6 Rxc1 1/2-1/2

[Event "Bundesliga 2021-22"]
[Site "Aachen GER"]
[Date "2022.04.09"]
[Round "3.3"]
[Board "3"]
[White "Kasimdzhanov, Rustam"]
[Black "Vandenbussche, Thibaut"]
[Result "1/2-1/2"]
[WhiteTitle "GM"]
[BlackTitle "IM"]
[WhiteElo "2659"]
[BlackElo "2407"]
[WhiteTeam "OSG Baden-Baden"]
[BlackTeam "Aachener SV"]
[WhiteFideId "14200244"]
[BlackFideId "204412"]
[EventDate "2022.03.05"]

1. e4 e6 2. d4 d5 3. Nc3 dxe4 4. Nxe4 Bd7 5. Nf3 Bc6 6. Bd3 Nd7 7. O-O Ngf6 8.
Ned2 Be7 9. Nc4 Bb5 10. Nd6+ Bxd6 11. Bxb5 c6 12. Bd3 Qc7 13. g3 O-O 14. c3 Rfe8
15. a4 a5 16. Qc2 g6 17. Bg5 Nd5 18. Rfe1 Be7 19. Bd2 Bf6 20. h4 e5 21. h5 Kg7
22. Bc4 Re7 23. Re4 Rae8 24. Rae1 Qd6 25. Bb3 exd4 26. cxd4 Nb4 27. Qc4 gxh5 28.
Rxe7 Rxe7 29. Rxe7 Qxe7 30. Bxb4 axb4 31. a5 Nf8 32. d5 cxd5 33. Qxd5 Qe6 34.
Qd3 Qg4 35. Qd5 Qe6 36. Kg2 Qxd5 37. Bxd5 Bd8 38. Ne5 Bxa5 39. Nxf7 Bc7 40. Ng5
b6 41. Ne6+ 1/2-1/2

[Event "Bundesliga 2021-22"]
[Site "Aachen GER"]
[Date "2022.04.09"]
[Round "3.3"]
[Board "4"]
[White "Lemmers, Oscar"]
[Black "Naiditsch, Arkadij"]
[Result "0-1"]
[WhiteTitle "IM"]
[BlackTitle "GM"]
[WhiteElo "2337"]
[BlackElo "2648"]
[WhiteTeam "Aachener SV"]
[BlackTeam "OSG Baden-Baden"]
[WhiteFideId "1002759"]
[BlackFideId "4650891"]
[EventDate "2022.03.05"]

1. e4 e5 2. Nc3 Nc6 3. f4 exf4 4. d4 g5 5. h4 Bg7 6. hxg5 Nxd4 7. Nh3 Ne6 8. Bc4
d6 9. Qh5 Ne7 10. Bxf4 Ng6 11. Bh2 h6 12. gxh6 Rxh6 13. Qf3 Ne5 14. Bxe5 Bxe5
15. O-O-O c6 16. Rhf1 Qe7 17. Ne2 Bd7 18. Ng3 Ng5 19. Qe3 Bxh3 20. gxh3 Rxh3 21.
Rg1 d5 22. Bf1 Rxg3 23. Rxg3 Bxg3 24. Qxg3 Nxe4 25. Qh3 Rd8 26. Re1 Rd6 27. Bd3
Re6 28. Rg1 Kd8 29. Qh2 Nd6 30. b3 Re1+ 31. Rxe1 Qxe1+ 32. Kb2 Kc7 33. c4 d4 34.
Bh7 c5 35. Bg8 d3 0-1

[Event "Bundesliga 2021-22"]
[Site "Aachen GER"]
[Date "2022.04.09"]
[Round "3.3"]
[Board "5"]
[White "Gustafsson, Jan"]
[Black "Klein, Felix"]
[Result "1-0"]
[WhiteTitle "GM"]
[BlackTitle "FM"]
[WhiteElo "2643"]
[BlackElo "2266"]
[WhiteTeam "OSG Baden-Baden"]
[BlackTeam "Aachener SV"]
[WhiteFideId "4625498"]
[BlackFideId "24600458"]
[EventDate "2022.03.05"]

1. d4 d5 2. c4 e6 3. Nc3 c6 4. e3 Bd6 5. Bd3 f5 6. g4 Nf6 7. gxf5 exf5 8. Qc2
O-O 9. Bxf5 Bxf5 10. Qxf5 Kh8 11. Nf3 Ne4 12. Qg4 Qf6 13. Nxe4 dxe4 14. Ng5
Qxf2+ 15. Kd1 Be7 16. Ne6 Qf7 17. Nxf8 Bxf8 18. Qc8 Nd7 19. Qxa8 Qf3+ 20. Kc2
Qxh1 21. Qxb7 Qf1 22. Qb3 Nb6 23. c5 Nd5 24. a3 a5 25. Kb1 h5 26. Qc2 Nxe3 27.
Qxe4 Nd5 28. Qc2 Ne3 29. Qe4 Nd5 30. Qc2 Ne3 31. Qb3 Nf5 32. Qf7 Be7 33. Ka2 Bf6
34. Bg5 Qd3 35. Bxf6 gxf6 36. Rg1 Nxd4 37. Rg8# 1-0

[Event "Bundesliga 2021-22"]
[Site "Aachen GER"]
[Date "2022.04.09"]
[Round "3.3"]
[Board "6"]
[White "Begnis, Nikolaos"]
[Black "Bacrot, Etienne"]
[Result "0-1"]
[WhiteTitle "FM"]
[BlackTitle "GM"]
[WhiteElo "2278"]
[BlackElo "2635"]
[WhiteTeam "Aachener SV"]
[BlackTeam "OSG Baden-Baden"]
[WhiteFideId "4200306"]
[BlackFideId "605506"]
[EventDate "2022.03.05"]

1. e4 c5 2. Nf3 d6 3. d4 cxd4 4. Nxd4 Nf6 5. Nc3 Nc6 6. Bg5 e6 7. Qd2 a6 8.
O-O-O Bd7 9. Nxc6 Bxc6 10. Qe1 Qa5 11. h4 Be7 12. Rh3 Rc8 13. Kb1 Qc7 14. Bd3 b5
15. Re3 Qb7 16. f3 h6 17. Bf4 e5 18. Bh2 h5 19. Qe2 Bd7 20. g4 hxg4 21. f4 exf4
22. Bxf4 Nh5 23. Bg5 Be6 24. Nd5 Bd8 25. Bxd8 Rxd8 26. Qf1 Qa7 27. Rde1 Kf8 28.
Nf4 Nxf4 29. Qxf4 Rxh4 30. e5 dxe5 31. Rxe5 Rh6 32. a3 Qd4 33. R5e4 Qd5 34. b3
Kg8 35. Qc7 Qd6 36. Qa5 g3 37. Rg1 f5 38. Rf4 Qxf4 39. Qxd8+ Kh7 40. Rf1 Qg4 41.
Qf8 g2 42. Rxf5 Bxf5 43. Bxf5+ Rg6 0-1

[Event "Bundesliga 2021-22"]
[Site "Aachen GER"]
[Date "2022.04.09"]
[Round "3.3"]
[Board "7"]
[White "Meier, Georg"]
[Black "Meessen, Rudolf"]
[Result "1-0"]
[WhiteTitle "GM"]
[BlackTitle "FM"]
[WhiteElo "2631"]
[BlackElo "2226"]
[WhiteTeam "OSG Baden-Baden"]
[BlackTeam "Aachener SV"]
[WhiteFideId "4675789"]
[BlackFideId "202029"]
[EventDate "2022.03.05"]

1. Nf3 d6 2. d4 g6 3. g3 Bg7 4. Bg2 e5 5. dxe5 dxe5 6. Qxd8+ Kxd8 7. Nc3 f6 8.
b3 c6 9. Ba3 Be6 10. O-O-O+ Nd7 11. Rd2 Nh6 12. Ne4 Kc7 13. Bd6+ Kc8 14. Rhd1
Nf7 15. e3 Nxd6 16. Nxd6+ Kc7 17. Nxb7 Bf8 18. Nd6 Nb6 19. c4 Be7 20. Ne1 f5 21.
Nd3 e4 22. Nc5 Bc8 23. Nxc8 Bxc5 24. Nxb6 Kxb6 25. Rd7 h5 26. h4 Rhe8 27. Rg7
Rad8 28. Rxg6 Ba3+ 29. Kc2 Rxd1 30. Kxd1 Rd8+ 31. Ke2 Bb4 32. Bh3 Rd2+ 33. Kf1
Rxa2 34. Bxf5 Rb2 35. Bxe4 Rxb3 36. Bxc6 Kc5 37. Bb5 Rb1+ 38. Kg2 Be1 39. Rg5+
Kb4 40. Rxh5 Rb2 41. Rf5 a5 42. h5 a4 43. Bxa4 Kxa4 44. g4 Rc2 45. g5 Bd2 46. g6 1-0

[Event "Bundesliga 2021-22"]
[Site "Aachen GER"]
[Date "2022.04.09"]
[Round "3.3"]
[Board "8"]
[White "Rache, Ralf"]
[Black "Doettling, Fabian"]
[Result "0-1"]
[BlackTitle "GM"]
[WhiteElo "1935"]
[BlackElo "2587"]
[WhiteTeam "Aachener SV"]
[BlackTeam "OSG Baden-Baden"]
[WhiteFideId "1270447"]
[BlackFideId "4627253"]
[EventDate "2022.03.05"]

1. e4 c6 2. d4 d5 3. Nc3 dxe4 4. Nxe4 Bf5 5. Ng3 Bg6 6. h4 h6 7. Nf3 Nd7 8. h5
Bh7 9. Bd3 Bxd3 10. Qxd3 e6 11. Bd2 Ngf6 12. Qe2 Be7 13. O-O-O O-O 14. Kb1 Qb6
15. Bc1 Rfe8 16. Ne5 Rad8 17. Rhe1 Bb4 18. Bd2 Bxd2 19. Rxd2 Nxe5 20. dxe5 Rxd2
21. Qxd2 Rd8 22. Qe2 Nd7 23. Rd1 Nxe5 24. Rxd8+ Qxd8 25. a3 Qd4 26. b3 f5 27.
Nf1 Kf7 28. Nd2 Ng4 29. f3 Ne3 30. g3 Nd5 31. Qd3 Nc3+ 32. Ka1 Qxd3 33. cxd3 Ne2
34. g4 Nc1 35. Nc4 Nxb3+ 36. Kb2 Nd4 37. Nd2 b5 38. Kc3 c5 39. a4 a6 40. axb5
axb5 0-1

[Event "Bundesliga 2021-22"]
[Site "Aachen GER"]
[Date "2022.04.09"]
[Round "3.4"]
[Board "1"]
[White "Keymer, Vincent"]
[Black "Haria, Ravi"]
[Result "1-0"]
[WhiteTitle "GM"]
[BlackTitle "GM"]
[WhiteElo "2655"]
[BlackElo "2499"]
[WhiteTeam "Schachfreunde Deizisau"]
[BlackTeam "Duesseldorfer SK"]
[WhiteFideId "12940690"]
[BlackFideId "415820"]
[EventDate "2022.03.05"]

1. c4 e6 2. Nc3 Nf6 3. e4 c5 4. e5 Ng8 5. Nf3 Nc6 6. d4 cxd4 7. Nxd4 Nxe5 8.
Ndb5 a6 9. Nd6+ Bxd6 10. Qxd6 f6 11. Be3 Ne7 12. Bb6 Nf5 13. Qb4 Nc6 14. Qc5 d6
15. Bxd8 dxc5 16. Bb6 Ne5 17. Bxc5 g5 18. Be2 h5 19. Ne4 Kf7 20. O-O Bd7 21. b4
Bc6 22. Nd6+ Nxd6 23. Bxd6 Ng6 24. b5 axb5 25. cxb5 Bd5 26. Rfc1 Nf4 27. Bf1 h4
28. a4 e5 29. Rc7+ Kg6 30. f3 Rad8 31. Bb4 h3 32. g3 Ne6 33. Rc3 e4 34. fxe4
Bxe4 35. Re3 f5 36. Bc3 Nd4 37. Bxd4 Rxd4 38. a5 g4 39. a6 bxa6 40. bxa6 Ra8 41.
a7 Rd7 42. Rea3 Rc7 43. Be2 Rc2 44. Bf1 Rc7 45. R3a2 Kg5 46. Ra5 Kf6 47. Ra6+
Kg5 48. R6a2 Bd5 49. Ra5 Be4 50. Be2 Rc2 51. Kf2 Bf3 52. R1a2 Rxa2 53. Rxa2 Be4
54. Ra5 Rc8 55. Bd3 Bxd3 56. a8=Q Rxa8 57. Rxa8 1-0

[Event "Bundesliga 2021-22"]
[Site "Aachen GER"]
[Date "2022.04.09"]
[Round "3.4"]
[Board "2"]
[White "Levin, Felix"]
[Black "Bluebaum, Matthias"]
[Result "0-1"]
[WhiteTitle "GM"]
[BlackTitle "GM"]
[WhiteElo "2456"]
[BlackElo "2642"]
[WhiteTeam "Duesseldorfer SK"]
[BlackTeam "Schachfreunde Deizisau"]
[WhiteFideId "4650905"]
[BlackFideId "24651516"]
[EventDate "2022.03.05"]

1. Nf3 d5 2. g3 b6 3. Bg2 Bb7 4. c4 dxc4 5. Qa4+ Nd7 6. Qxc4 e6 7. O-O Ngf6 8.
b3 Bd6 9. Bb2 O-O 10. d3 a6 11. Nbd2 b5 12. Qc2 c5 13. Rac1 Qb6 14. Qb1 Rac8 15.
Qa1 Rfe8 16. Rc2 e5 17. Nh4 Bxg2 18. Nxg2 Nb8 19. e4 Nc6 20. Nf3 Rcd8 21. Rfc1
Qb8 22. Ba3 Nd7 23. Ne3 Nd4 24. Nxd4 exd4 25. Nf5 b4 26. Bb2 Ne5 27. Rd1 Qb5 28.
Qc1 Bf8 29. Kg2 Nxd3 30. Qg5 Ne5 31. h4 Qc6 32. Re2 f6 33. Qc1 g6 34. Nh6+ Bxh6
35. Qxh6 Nf7 36. Qf4 f5 37. f3 fxe4 38. Rxe4 Rxe4 39. fxe4 Re8 0-1

[Event "Bundesliga 2021-22"]
[Site "Aachen GER"]
[Date "2022.04.09"]
[Round "3.4"]
[Board "3"]
[White "Kollars, Dmitrij"]
[Black "Vaisser, Anatoly"]
[Result "1-0"]
[WhiteTitle "GM"]
[BlackTitle "GM"]
[WhiteElo "2635"]
[BlackElo "2486"]
[WhiteTeam "Schachfreunde Deizisau"]
[BlackTeam "Duesseldorfer SK"]
[WhiteFideId "12909572"]
[BlackFideId "603252"]
[EventDate "2022.03.05"]

1. e4 e6 2. d4 d5 3. Nc3 Bb4 4. e5 c5 5. a3 Bxc3+ 6. bxc3 Nc6 7. Qg4 g6 8. Nf3
Qa5 9. Bd2 Qa4 10. Be2 c4 11. h4 h6 12. Ra2 Bd7 13. Qf4 Rh7 14. Nh2 O-O-O 15.
Ng4 Qa5 16. h5 g5 17. Qf3 Rf8 18. a4 f5 19. exf6 Nxf6 20. O-O Nxd4 21. cxd4 Qxd2
22. Qa3 Rhh8 23. c3 Qf4 24. Ne5 Ne4 25. Bf3 Rd8 26. Bxe4 Qxe4 27. Rb2 Rh7 28.
Qc5+ Kb8 29. Qd6+ Kc8 30. Rfb1 Bxa4 31. Qc5+ Kb8 32. Qa5 1-0

[Event "Bundesliga 2021-22"]
[Site "Aachen GER"]
[Date "2022.04.09"]
[Round "3.4"]
[Board "4"]
[White "Stark, Lars"]
[Black "Heimann, Andreas"]
[Result "0-1"]
[WhiteTitle "IM"]
[BlackTitle "GM"]
[WhiteElo "2386"]
[BlackElo "2581"]
[WhiteTeam "Duesseldorfer SK"]
[BlackTeam "Schachfreunde Deizisau"]
[WhiteFideId "4676386"]
[BlackFideId "24624632"]
[EventDate "2022.03.05"]

1. c4 Nf6 2. Nc3 e6 3. Nf3 d5 4. d4 Bb4 5. e3 O-O 6. Bd2 c5 7. a3 Bxc3 8. Bxc3
Ne4 9. Rc1 Nxc3 10. Rxc3 cxd4 11. Qxd4 Nc6 12. Qc5 Ne7 13. Be2 b6 14. Qd4 Bb7
15. O-O dxc4 16. Rxc4 Ba6 17. Rc2 Bxe2 18. Rxe2 Qc7 19. Qa4 Rac8 20. Rd2 Rfd8
21. Rxd8+ Rxd8 22. h3 Qd7 23. Qxd7 Rxd7 24. Rc1 f6 25. Kf1 Kf7 26. Ke2 e5 27.
Nd2 Ke6 28. Ne4 h6 29. Rd1 Rxd1 30. Kxd1 f5 31. Nc3 e4 32. Nb5 Nc6 33. Kd2 g5
34. Kc3 Ke5 35. Kc4 f4 36. g3 f3 37. b4 a6 38. Nc3 Ne7 39. a4 Nf5 40. Nd1 h5 41.
g4 Nd6+ 42. Kb3 h4 43. Nc3 Ne8 44. Nb1 Nf6 45. Nd2 Kd5 46. b5 axb5 47. axb5 Nd7
48. Nc4 Nc5+ 49. Kc3 Nd3 50. Nxb6+ Kc5 51. Nc4 Nxf2 52. b6 Kc6 53. Kd4 Nxh3 54.
Kxe4 f2 55. Nd2 Ng1 56. Nf1 h3 57. Kd3 Nf3 58. Ke2 h2 59. Nxh2 Nxh2 60. Kxf2
Nxg4+ 0-1

[Event "Bundesliga 2021-22"]
[Site "Aachen GER"]
[Date "2022.04.09"]
[Round "3.4"]
[Board "5"]
[White "Zilka, Stepan"]
[Black "Coenen, Michael"]
[Result "1-0"]
[WhiteTitle "GM"]
[BlackTitle "FM"]
[WhiteElo "2606"]
[BlackElo "2326"]
[WhiteTeam "Schachfreunde Deizisau"]
[BlackTeam "Duesseldorfer SK"]
[WhiteFideId "315303"]
[BlackFideId "4697367"]
[EventDate "2022.03.05"]

1. e4 c5 2. Nf3 e6 3. d4 cxd4 4. Nxd4 Nc6 5. Nc3 Qc7 6. Be3 a6 7. a3 Nf6 8. f4
d6 9. Qf3 Be7 10. Bd3 O-O 11. O-O Nxd4 12. Bxd4 e5 13. fxe5 dxe5 14. Qg3 Bc5 15.
Bxc5 Qxc5+ 16. Kh1 Qe7 17. Nd5 Nxd5 18. exd5 Bd7 19. Rae1 Rae8 20. c4 a5 21. b4
axb4 22. axb4 b6 23. Qe3 Qxb4 24. Rb1 Qc5 25. Rfe1 e4 26. Qxc5 bxc5 27. Rxe4
Rxe4 28. Bxe4 Re8 29. Bd3 Kf8 30. Kg1 Re3 31. Rb3 Re1+ 32. Kf2 Rc1 33. Rb7 Ke8
34. Rc7 Rc3 35. Be2 Ra3 36. Rxc5 Ke7 37. Rc7 Kd6 38. Rb7 f5 1-0

[Event "Bundesliga 2021-22"]
[Site "Aachen GER"]
[Date "2022.04.09"]
[Round "3.4"]
[Board "6"]
[White "Harff, Marcel"]
[Black "Dautov, Rustem"]
[Result "1/2-1/2"]
[WhiteTitle "FM"]
[BlackTitle "GM"]
[WhiteElo "2359"]
[BlackElo "2596"]
[WhiteTeam "Duesseldorfer SK"]
[BlackTeam "Schachfreunde Deizisau"]
[WhiteFideId "24621382"]
[BlackFideId "4623606"]
[EventDate "2022.03.05"]

1. Nf3 Nf6 2. c4 e6 3. b3 d5 4. Bb2 c5 5. e3 Nc6 6. cxd5 exd5 7. Nc3 Bd6 8. Be2
O-O 9. d4 Bg4 10. dxc5 Bxc5 11. O-O a6 12. Rc1 Ba7 13. h3 Be6 14. Na4 Ne4 15.
Nd4 Qd6 16. Nxc6 bxc6 17. Bd3 f5 18. Qc2 Bd7 19. Bd4 Bxd4 20. exd4 Rae8 21. Nc5
Nxc5 22. Qxc5 Qh6 23. Qa7 Rf7 24. f4 g5 25. Rce1 Rxe1 26. Rxe1 gxf4 27. Qb8+ 1/2-1/2

[Event "Bundesliga 2021-22"]
[Site "Aachen GER"]
[Date "2022.04.09"]
[Round "3.4"]
[Board "7"]
[White "Krasenkow, Michal"]
[Black "Hainke, Guntram"]
[Result "1-0"]
[WhiteTitle "GM"]
[BlackTitle "FM"]
[WhiteElo "2576"]
[BlackElo "2302"]
[WhiteTeam "Schachfreunde Deizisau"]
[BlackTeam "Duesseldorfer SK"]
[WhiteFideId "1113100"]
[BlackFideId "24619094"]
[EventDate "2022.03.05"]

1. Nf3 d5 2. d4 Nf6 3. c4 c6 4. Nc3 e6 5. e3 a6 6. c5 Nbd7 7. b4 b6 8. Bb2 Be7
9. Bd3 a5 10. a3 Ba6 11. Bxa6 Rxa6 12. b5 cxb5 13. c6 Nb8 14. Nxb5 Bd6 15. c7
Bxc7 16. Rc1 1-0

[Event "Bundesliga 2021-22"]
[Site "Aachen GER"]
[Date "2022.04.09"]
[Round "3.4"]
[Board "8"]
[White "Wiedenbruch, Paul"]
[Black "Koellner, Ruben Gideon"]
[Result "0-1"]
[BlackTitle "IM"]
[WhiteElo "1887"]
[BlackElo "2454"]
[WhiteTeam "Duesseldorfer SK"]
[BlackTeam "Schachfreunde Deizisau"]
[WhiteFideId "16207343"]
[BlackFideId "12993093"]
[EventDate "2022.03.05"]

1. e4 d6 2. d4 Nf6 3. Nc3 Nbd7 4. Nf3 e5 5. g4 h6 6. Bc4 Nb6 7. Bb3 exd4 8. Qxd4
Bxg4 9. Qd3 Nfd7 10. Qe3 Qf6 11. Nd4 a6 12. Rg1 Bh5 13. f4 g6 14. Bd2 Bg7 15.
Nde2 Bxe2 16. Qxe2 Qh4+ 17. Rg3 Nc5 18. O-O-O Qe7 19. Re1 O-O-O 20. e5 Nxb3+ 21.
axb3 dxe5 22. fxe5 Qe6 23. Ne4 Bxe5 24. Nc5 Qd5 25. Qxe5 Qxd2+ 26. Kb1 Nd7 27.
Nxd7 Qxd7 28. Rd3 Rde8 29. Rxd7 Rxe5 30. Rxc7+ Kxc7 31. Rxe5 Kd6 32. Re3 f5 33.
Kc1 f4 34. Rf3 Ke5 35. Kd2 Ke4 36. Ke2 Rc8 37. c3 g5 38. Rd3 Rc6 39. Rd4+ Kf5
40. c4 Rb6 41. Rd3 g4 42. Rc3 Re6+ 0-1

[Event "Bundesliga 2021-22"]
[Site "Berlin GER"]
[Date "2022.04.09"]
[Round "3.5"]
[Board "1"]
[White "Cheparinov, Ivan"]
[Black "Stern, Rene"]
[Result "1-0"]
[WhiteTitle "GM"]
[BlackTitle "GM"]
[WhiteElo "2672"]
[BlackElo "2510"]
[WhiteTeam "SK Doppelbauer Turm Kiel"]
[BlackTeam "SK Koenig Tegel"]
[WhiteFideId "2905540"]
[BlackFideId "4611799"]
[EventDate "2022.03.05"]

1. e4 e5 2. Nf3 Nc6 3. Bb5 Nf6 4. d3 d6 5. O-O Be7 6. c3 O-O 7. Re1 a6 8. Ba4
Re8 9. h3 Bf8 10. Bg5 h6 11. Bh4 Be7 12. Bg3 b5 13. Bc2 Nh7 14. a4 Bd7 15. Nbd2
Ng5 16. Nf1 Nxf3+ 17. Qxf3 Bg5 18. h4 Bf6 19. Ne3 Rc8 20. axb5 axb5 21. Bb3 Be6
22. Bd5 Ne7 23. Bxe6 fxe6 24. Qg4 Nc6 25. Ra6 Qd7 26. Rea1 Rf8 27. Nd5 Nb8 28.
Nxf6+ Rxf6 29. Ra8 Nc6 30. Rxc8+ Qxc8 31. d4 Qf8 32. Ra6 Qe8 33. Qe2 Nb8 34. Ra8
exd4 35. e5 dxe5 36. Bxe5 Rf8 37. Bxc7 Qc6 38. Rxb8 dxc3 39. Rxf8+ Kxf8 40. Bf4 1-0

[Event "Bundesliga 2021-22"]
[Site "Berlin GER"]
[Date "2022.04.09"]
[Round "3.5"]
[Board "2"]
[White "Richter, Michael"]
[Black "Lupulescu, Constantin"]
[Result "0-1"]
[WhiteTitle "GM"]
[BlackTitle "GM"]
[WhiteElo "2496"]
[BlackElo "2622"]
[WhiteTeam "SK Koenig Tegel"]
[BlackTeam "SK Doppelbauer Turm Kiel"]
[WhiteFideId "4618920"]
[BlackFideId "1207822"]
[EventDate "2022.03.05"]

1. d4 Nf6 2. Nf3 d5 3. e3 c5 4. c3 e6 5. Nbd2 Nbd7 6. Bd3 b6 7. O-O Bb7 8. Qe2
Ne4 9. Ne5 Bd6 10. f4 O-O 11. Bxe4 dxe4 12. Ndc4 Ba6 13. b3 f6 14. Nxd7 Qxd7 15.
a4 Qc6 16. Ba3 Rfd8 17. Rfd1 Bf8 18. dxc5 bxc5 19. Rxd8 Rxd8 20. Rd1 Bxc4 21.
bxc4 Rd3 22. Rxd3 exd3 23. Qxd3 Qxa4 24. Bc1 Qa1 25. Qc2 a5 26. Kf2 a4 27. Qb2
Qxb2+ 28. Bxb2 Kf7 29. e4 Kg6 30. Kf3 f5 31. g4 fxg4+ 32. Kxg4 Be7 33. Ba3 Kf7
34. Kf3 Bf6 35. Bb2 Ke8 36. Ke2 Kf7 37. Kf3 g5 38. fxg5 Bxg5 39. Kg4 Kg6 40. Kf3
Kh5 41. Ba3 Be7 42. h3 Bd6 43. Kg2 Kh4 44. Bc1 Be5 45. Ba3 Bxc3 46. Bxc5 Kg5 47.
Bd6 Kf6 48. Ba3 Ke5 49. Kf3 Kd4 50. c5 Ba5 51. h4 Kc4 52. Kf4 Bc7+ 53. Kg5 Bd8+
54. Kf4 Kd4 55. c6 Bc7+ 56. Kf3 h5 57. Be7 Kc4 58. Ke3 Kb5 0-1

[Event "Bundesliga 2021-22"]
[Site "Berlin GER"]
[Date "2022.04.09"]
[Round "3.5"]
[Board "3"]
[White "Salgado Lopez, Ivan"]
[Black "Bruedigam, Martin"]
[Result "0-1"]
[WhiteTitle "GM"]
[BlackTitle "IM"]
[WhiteElo "2611"]
[BlackElo "2386"]
[WhiteTeam "SK Doppelbauer Turm Kiel"]
[BlackTeam "SK Koenig Tegel"]
[WhiteFideId "2257327"]
[BlackFideId "24608033"]
[EventDate "2022.03.05"]

1. c4 Nf6 2. Nc3 e6 3. e4 c5 4. e5 Ng8 5. Nf3 Nc6 6. d4 cxd4 7. Nxd4 Nxe5 8.
Ndb5 d6 9. Ne4 Nf6 10. Nexd6+ Bxd6 11. Nxd6+ Ke7 12. Nxc8+ Rxc8 13. Qb3 Qc7 14.
Qa3+ Kd7 15. Qxa7 Nxc4 16. Be2 Qa5+ 17. Qxa5 Nxa5 18. Bb5+ Nc6 19. Be3 Nd5 20.
O-O-O Kc7 21. Bc5 b6 22. Ba3 Kb7 23. Kb1 Rhd8 24. Rhe1 Ncb4 25. Rc1 Nc6 26. Bf1
Nf6 27. Rc2 Nd4 28. Rxc8 Rxc8 29. Rd1 Nc6 30. Be2 Nd5 31. Bd6 Rd8 32. Bg3 Nce7
33. Bf3 Nf5 34. Bf4 h6 35. g3 Ne7 36. Bc1 Nc6 37. h4 Ne5 38. Be2 Kc6 39. Bd2 f6
40. h5 Kc7 41. Rc1+ Kb7 42. f4 Nc6 43. Rc4 Nde7 44. Be3 Rd6 45. Bf3 Nd5 46. Bf2
Nce7 47. a3 Rc6 48. Rxc6 Kxc6 49. Kc2 b5 50. Kd3 e5 51. fxe5 fxe5 52. b4 Kd6 53.
Bc5+ Ke6 54. Be2 Nf5 55. Kc2 Nc7 56. Bg4 Kf6 57. Bf2 e4 58. Bh3 Nd5 59. Kd1 Ke5
60. Ba7 Nfe3+ 61. Ke2 Nc4 62. Bb8+ Kf6 63. Ba7 Nc3+ 64. Kf2 Ke5 65. Bf1 Nxa3 66.
Bc5 Nc2 67. Bf8 Kf6 68. Bc5 Kg5 69. Bf8 e3+ 70. Kf3 e2 71. Bxe2 Nd4+ 72. Ke3
Ncxe2 73. Bc5 Nf5+ 74. Kxe2 Nxg3+ 75. Kd3 Nxh5 76. Be7+ Kf5 77. Kd4 Nf4 78. Kc5
g5 79. Kxb5 Nd5 80. Bf8 h5 81. Kc4 Ke4 82. Bc5 h4 83. Bf2 h3 84. Bg1 Nxb4 85.
Kxb4 g4 0-1

[Event "Bundesliga 2021-22"]
[Site "Berlin GER"]
[Date "2022.04.09"]
[Round "3.5"]
[Board "4"]
[White "Mueller, Nick"]
[Black "Khenkin, Igor"]
[Result "1/2-1/2"]
[WhiteTitle "FM"]
[BlackTitle "GM"]
[WhiteElo "2375"]
[BlackElo "2509"]
[WhiteTeam "SK Koenig Tegel"]
[BlackTeam "SK Doppelbauer Turm Kiel"]
[WhiteFideId "24692093"]
[BlackFideId "4659600"]
[EventDate "2022.03.05"]

1. d4 d5 2. Nf3 c6 3. Bf4 Bf5 4. e3 e6 5. c4 Bd6 6. Bg3 Bxg3 7. hxg3 Nd7 8. Nc3
h6 9. Bd3 Bxd3 10. Qxd3 Ngf6 11. b4 Qe7 12. Rb1 O-O 13. O-O dxc4 14. Qxc4 e5 15.
dxe5 Nxe5 16. Qc5 Rfe8 17. Rfd1 Nxf3+ 18. gxf3 Qxc5 19. bxc5 Re5 20. Rxb7 Rxc5
21. Ne4 Nxe4 22. fxe4 Re5 23. Rdd7 Rf8 24. f3 a5 25. a4 g5 26. g4 h5 27. gxh5 1/2-1/2